Evaluación y mejora de las condiciones operativas del Centro de Distribución de TLA Logistics, San Francisco
Gardado en:
| Autor Principal: | |
|---|---|
| Outros autores: | , |
| Formato: | Libro |
| Idioma: | Spanish |
| Publicado: |
[San José, Costa Rica]
2012
|
| Materias: | |
| Etiquetas: |
Engadir etiqueta
Sen Etiquetas, Sexa o primeiro en etiquetar este rexistro!
|
MARC
| LEADER | 00000nam a22000007a 4500 | ||
|---|---|---|---|
| 003 | 010896 | ||
| 005 | 20221231143922.0 | ||
| 008 | 151021b2012 cr a|||| |||| 00| 0 spa d | ||
| 040 | |c cru CEDI | ||
| 090 | |a TFG 6718 | ||
| 100 | |9 1673 |a Cambronero Rojas, Debbie | ||
| 245 | |a Evaluación y mejora de las condiciones operativas del Centro de Distribución de TLA Logistics, San Francisco | ||
| 260 | |a [San José, Costa Rica] |c 2012 | ||
| 500 | |a Proyecto de graduación (licenciatura en ingeniería industrial)--Universidad de Costa Rica, Facultad de Ingeniería. Escuela de Ingeniería Industrial | ||
| 650 | |x LOGISTICA EN LOS NEGOCIOS |x ALMACENES GENERALES DE DEPOSITO |x EFECTIVIDAD ORGANIZACIONAL |x PLANIFICACION EMPRESARIAL |x CONTROL DE PROCESOS |x RENDIMIENTO INDUSTRIAL - EVALUACION |x GESTION INDUSTRIAL |9 1676 | ||
| 700 | |9 1674 |a Gutiérrez Ortiz, Daniel | ||
| 700 | |9 1675 |a Rubí Murillo, Juan José | ||
| 942 | |c TFG | ||
| 999 | |c 14226 |d 14226 | ||
